Seguimiento de la práctica pedagógica en educación indígena a partir de la incorporación de referentes de desempeño docente en el aula : Chiapas Caso 1.

保存先:
書誌詳細
団体著者: Centro de Estudios Educativos (México)
フォーマット: 図書
言語:スペイン語
主題:
タグ: タグ追加
タグなし, このレコードへの初めてのタグを付けませんか!

MARC

LEADER 00000nam^a2200000^u^4500
001 000510006
005 20250521000000.0
008 091125s1000^^^^^^^^^^^^r^^^^^000^0^spa^d
009 20260310130115.65
035 |a FCE 000054215 
037 |a Acervo ITESO - Biblioteca 
041 |a spa 
082 0 4 |a 371.144  |b CEEs CHIS C-1 
110 |a Centro de Estudios Educativos (México) 
245 1 0 |a Seguimiento de la práctica pedagógica en educación indígena a partir de la incorporación de referentes de desempeño docente en el aula :  |b Chiapas Caso 1. 
264 |a México :  |b CEE,  |c 2009. 
300 |a 197 p. 
336 |a texto  |b txt  |2 rdacontenido 
337 |a sin mediación  |b n  |2 rdamedio 
338 |a volumen  |b nc  |2 rdasoporte 
649 |a XX 
650 |a Aula 
650 |a Evaluación de la enseñanza 
650 |a Mejora de la educación 
650 |a Actividades de la clase 
650 |a Práctica pedagógica 
650 |a Desempeño docente 
650 |a Chiapas, México 
910 |a Fondo Centro de Estudios Educativos 
920 |a Impresos - Libros 
930 |a Fondos Especiales 
905 |a 133 
901 |a ALE068024  |b IT2  |c CEE  |u 20250521 
901 |a ALE068025  |b IT2  |c CEE  |u 20250521 
902 |a https://opac.biblio.iteso.mx/vufind/Record/000510006